00400nam a2200121Ia 4500008004100000100001600041245006100057245005600118260000900174300002700183440004500210650002300255171207s9999 xx 000 0 und d aJiang, Jing aUnderstanding inactive yet available assignees in GitHub cJing Jiang, David Lo, Xinyu Ma, Fuli Feng, Li Zhang c2017 apages 44-44, July 2017 aInformation and Software Technologyv91: aSOFTWARE TECHNLOGY